LEADER 01217cam0 2200241 450 001 E600200031553 005 20251007094137.0 100 $a20071116d2003 |||||ita|0103 ba 101 $aita 102 $aIT 200 1 $aAtti della 35. riunione scientifica$eLe comunità della preistoria italiana. Studi e ricerche sul neolitico e le età dei metalli, Castello di Lipari, Chiesa di S.Caterina, 2-7 giugno 2000. In memoria di Luigi Bernaḅ Brea$fIstituto Italiano di Preistoria e Protostoria 210 $aFirenze$cIstituto Italiano di Preistoria e Protostoria$d2003 215 $a2 v.$d24 cm. 710 02$a*Istituto italiano di Preistoria e Protostoria$3A600200044690$4070$0387152 801 0$aIT$bUNISOB$c20251007$gRICA 850 $aUNISOB 852 $aUNISOB$jLaboratorio|Archeologico$m136496-136497 912 $aE600200031553 940 $aM 102 Monografia moderna SBN 941 $aM 957 $aLaboratorio|Archeologico$b000339$i-1-2$gCON$d136496-136497$racquisto Laboratorio archeologico$1catenacci$2UNISOB$3UNISOB$420071116082501.0$520210927082242.0$6Spinosa$fModalità di consultazione vedi home page della Biblioteca link Fondi 996 $aAtti della 35. riunione scientifica$94442370 997 $aUNISOB